[Event "GER-ch U25 op-A"]
[Site "Willingen"]
[Date "2015.05.28"]
[Round "7"]
[White "Lai Hop, Long"]
[Black "Hoppe, Andreas"]
[Result "0-1"]
[WhiteElo "1893"]
[BlackElo "1720"]
[PlyCount "54"]
[EventDate "2015.05.24"]
[EventType "swiss"]
[EventRounds "9"]
[EventCountry "GER"]
[SourceTitle "CBM 166 Extra"]
[Source "ChessBase"]
[SourceDate "2015.06.18"]
[SourceVersion "1"]
[SourceVersionDate "2015.06.18"]
[SourceQuality "1"]

1. d4 d5 2. c4 e6 3. Nf3 f5 4. g3 Nf6 5. Bg2 Bd6 6. 0-0 c6 7. Qc2 0-0 8. Nc3 Ne4 9. Rd1 Nd7 10. c5 Bc7 11. Bf4 Bxf4 12. gxf4 Kh8 13. Qc1 Rg8 14. a3 g5 15. Nxe4 fxe4 16. Nxg5 Qf6 17. Qe3 Qg6 18. Qg3 Nf6 19. h4 h6 20. Nh3 Qh5 21. Qe3 Qxh4 22. Rf1 e5 23. Kh1 exd4 24. Qb3 a6 25. Kh2 Rxg2+ 26. Kxg2 Bxh3+ 27. Kh2 Bf5+ 0-1

[Event "GER-ch U25 op-A"]
[Site "Willingen"]
[Date "2015.05.26"]
[Round "5"]
[White "Lai Hop, Long"]
[Black "Neumann, Tiemon"]
[Result "1-0"]
[WhiteElo "1893"]
[BlackElo "1662"]
[PlyCount "87"]
[EventDate "2015.05.24"]
[EventType "swiss"]
[EventRounds "9"]
[EventCountry "GER"]
[SourceTitle "CBM 166 Extra"]
[Source "ChessBase"]
[SourceDate "2015.06.18"]
[SourceVersion "1"]
[SourceVersionDate "2015.06.18"]
[SourceQuality "1"]

1. d4 Nf6 2. Nf3 g6 3. c4 Bg7 4. Nc3 d5 5. Bf4 c6 6. e3 0-0 7. Bd3 Qa5 8. 0-0 Be6 9. c5 Nbd7 10. a3 b5 11. b4 Qd8 12. h3 h5 13. Qc2 a6 14. Ng5 Bf5 15. Bxf5 gxf5 16. Qxf5 e6 17. Qc2 Re8 18. Nf3 Qc8 19. Ra2 Qb7 20. Rfa1 Ra7 21. Qd3 Rea8 22. Qc2 Re8 23. Bd6 Bf8 24. Bh2 Bg7 25. Qe2 Rea8 26. Ne5 a5 27. Nxc6 Qxc6 28. Nxb5 Rb7 29. Nd6 Ne4 30. b5 Rxb5 31. Qxb5 Qxb5 32. Nxb5 Rc8 33. Rc1 Nb6 34. Rac2 Nc4 35. f3 Ned2 36. Nd6 Nxd6 37. Bxd6 Nc4 38. Rxc4 dxc4 39. Rxc4 Rc6 40. Rc1 Bf8 41. Bxf8 Kxf8 42. Rb1 h4 43. Kf2 Ke7 44. Rb7+ 1-0

[Event "Bremen-ch op"]
[Site "Bremen"]
[Date "2015.04.03"]
[Round "8"]
[White "Lai Hop, Long"]
[Black "Mueller, Wolfgang"]
[Result "0-1"]
[WhiteElo "1796"]
[BlackElo "2025"]
[PlyCount "24"]
[EventDate "2015.03.28"]
[EventType "swiss"]
[EventRounds "9"]
[EventCountry "GER"]
[SourceTitle "EXT 2018"]
[Source "ChessBase"]
[SourceDate "2017.10.13"]
[SourceVersion "1"]
[SourceVersionDate "2017.10.13"]
[SourceQuality "1"]

1. d4 d5 2. c4 e5 3. cxd5 Qxd5 4. dxe5 Qxd1+ 5. Kxd1 Nc6 6. Nc3 Be6 7. Nf3 0-0-0+ 8. Kc2 f6 9. exf6 Nxf6 10. h3 Nb4+ 11. Kb1 Bf5+ 12. e4 Nxe4 0-1

[Event "Bremen-ch op"]
[Site "Bremen"]
[Date "2015.03.31"]
[Round "5"]
[White "Lai Hop, Long"]
[Black "Bokelmann, Joachim"]
[Result "1/2-1/2"]
[WhiteElo "1796"]
[BlackElo "2022"]
[PlyCount "116"]
[EventDate "2015.03.28"]
[EventType "swiss"]
[EventRounds "9"]
[EventCountry "GER"]
[SourceTitle "EXT 2018"]
[Source "ChessBase"]
[SourceDate "2017.10.13"]
[SourceVersion "1"]
[SourceVersionDate "2017.10.13"]
[SourceQuality "1"]

1. e4 e6 2. d4 d5 3. Nc3 dxe4 4. Nxe4 Qd5 5. Nc3 Bb4 6. Nf3 Nf6 7. Bd3 Ne4 8. Bd2 Nxd2 9. Qxd2 Bxc3 10. Qxc3 Nc6 11. 0-0 0-0 12. Rfe1 Bd7 13. a3 Rfd8 14. Rad1 Rac8 15. Ne5 Be8 16. Be4 Qd6 17. Nxc6 Bxc6 18. Bxc6 Qxc6 19. Qxc6 bxc6 20. Kf1 Kf8 21. Ke2 Rd5 22. c4 Rh5 23. h3 Rd8 24. Rd3 c5 25. g4 Rh6 26. d5 e5 27. Rb3 Rb6 28. Rxb6 axb6 29. Kd3 f6 30. g5 Kf7 31. gxf6 gxf6 32. Ke4 Rg8 33. Rd1 Ke7 34. b4 Ra8 35. bxc5 bxc5 36. Rd3 Ra4 37. Rc3 Kf7 38. Kf5 h6 39. h4 h5 40. f3 Kg7 41. Ke6 Kg6 42. Kd7 Ra7 43. Kc6 Kf5 44. Kxc5 e4 45. fxe4+ Kxe4 46. d6 cxd6+ 47. Kxd6 Kd4 48. Rc1 Ra6+ 49. Kd7 Kc5 50. Rf1 Kxc4 51. Ke7 Rxa3 52. Kxf6 Ra6+ 53. Kf7 Ra5 54. Kg6 Kd4 55. Rf8 Ke4 56. Rf1 Rb5 57. Kh6 Ra5 58. Rb1 Kf4 1/2-1/2

[Event "Bremen-ch op"]
[Site "Bremen"]
[Date "2015.03.30"]
[Round "4"]
[White "Ernst, Herwarth"]
[Black "Lai Hop, Long"]
[Result "0-1"]
[WhiteElo "1950"]
[BlackElo "1796"]
[PlyCount "114"]
[EventDate "2015.03.28"]
[EventType "swiss"]
[EventRounds "9"]
[EventCountry "GER"]
[SourceTitle "EXT 2018"]
[Source "ChessBase"]
[SourceDate "2017.10.13"]
[SourceVersion "1"]
[SourceVersionDate "2017.10.13"]
[SourceQuality "1"]

1. e4 c5 2. Nf3 d6 3. d4 cxd4 4. Nxd4 Nf6 5. Nc3 a6 6. Bg5 e6 7. f4 Be7 8. Qf3 Qc7 9. 0-0-0 Nbd7 10. g4 b5 11. Bxf6 Nxf6 12. g5 Nd7 13. f5 Ne5 14. Qh5 b4 15. Nce2 g6 16. Qh6 Bf8 17. Qh3 exf5 18. exf5 Bg7 19. Qb3 gxf5 20. Bh3 Qc4 21. Qxc4 Nxc4 22. b3 Ne3 23. Rd3 Ng4 24. Re1 0-0 25. Bg2 Ra7 26. Nc6 Rb7 27. h3 Nf2 28. Rxd6 Ne4 29. Bxe4 fxe4 30. Red1 Bxh3 31. Ng3 Bg2 32. Re1 Bc3 33. Re3 Re8 34. Nf5 Bg7 35. Nxg7 Kxg7 36. Rd4 Bf3 37. Nxb4 a5 38. Nc6 Rb5 39. Ra4 Rxg5 40. Rxa5 Rxa5 41. Nxa5 f5 42. Nc4 f4 43. Re1 e3 44. Nd6 Re5 45. a4 e2 46. Nc4 Re6 47. Rg1+ Kf6 48. Kd2 Bd5 49. Ke1 Bxc4 50. bxc4 Kf5 51. Kf2 f3 52. c5 Kf4 53. Rh1 Re7 54. a5 h5 55. a6 Rg7 56. a7 Rg2+ 57. Ke1 Ke3 0-1

[Event "GER-ch U14"]
[Site "Magdeburg"]
[Date "2014.06.09"]
[Round "3"]
[White "Lai Hop, Long"]
[Black "Reuker, Jari"]
[Result "0-1"]
[WhiteElo "1695"]
[BlackElo "1912"]
[PlyCount "84"]
[EventDate "2014.06.08"]
[EventType "swiss"]
[EventRounds "9"]
[EventCountry "GER"]
[SourceTitle "CBM 160 Extra"]
[Source "ChessBase"]
[SourceDate "2014.07.01"]
[SourceVersion "1"]
[SourceVersionDate "2014.07.01"]
[SourceQuality "1"]

1. e4 c5 2. Nf3 e6 3. d4 cxd4 4. Nxd4 Nc6 5. Be3 Nf6 6. Bd3 d5 7. Nxc6 bxc6 8. exd5 cxd5 9. c3 Bd6 10. Nd2 0-0 11. 0-0 e5 12. Qe2 Bb7 13. Ba6 Bxa6 14. Qxa6 Re8 15. h3 Re6 16. Qe2 h6 17. Nb3 Qc7 18. Rac1 a5 19. Qb5 Bf8 20. c4 d4 21. Bd2 Rea6 22. Qa4 Nd7 23. c5 Nxc5 24. Qb5 Rb6 25. Bxa5 Rxb5 26. Bxc7 Nd3 27. Ra1 Nxb2 28. Nd2 Nd3 29. f4 Nxf4 30. Nc4 Rc5 31. Bxe5 Ne2+ 32. Kf2 Nc3 33. Nb6 Rd8 34. Bxd4 Rxd4 35. a4 Rc6 36. a5 Bc5 37. Rfc1 Rd3+ 38. Ke1 Re6+ 39. Kf1 Rf6+ 40. Ke1 Bf2+ 41. Kf1 Be3+ 42. Ke1 Bd2# 0-1

[Event "GER-ch U14"]
[Site "Magdeburg"]
[Date "2014.06.08"]
[Round "2"]
[White "Gutschenreiter, Dorian"]
[Black "Lai Hop, Long"]
[Result "0-1"]
[WhiteElo "1882"]
[BlackElo "1695"]
[PlyCount "60"]
[EventDate "2014.06.08"]
[EventType "swiss"]
[EventRounds "9"]
[EventCountry "GER"]
[SourceTitle "CBM 160 Extra"]
[Source "ChessBase"]
[SourceDate "2014.07.01"]
[SourceVersion "1"]
[SourceVersionDate "2014.07.01"]
[SourceQuality "1"]

1. e4 c5 2. Nc3 e6 3. f4 d5 4. d3 Nc6 5. Nf3 Nge7 6. g3 g6 7. Bg2 Bg7 8. 0-0 0-0 9. h3 a6 10. a4 Rb8 11. e5 b5 12. axb5 axb5 13. b3 Qb6 14. Kh2 Rd8 15. g4 Ba6 16. Qe2 c4 17. bxc4 bxc4 18. Ba3 d4 19. Ne4 cxd3 20. cxd3 Nd5 21. f5 Nxe5 22. Nxe5 Bxe5+ 23. Kh1 Nf4 24. Nf6+ Bxf6 25. Rxf4 Bg5 26. Rff1 Re8 27. fxg6 hxg6 28. Be4 Bb7 29. Qf2 f5 30. gxf5 exf5 0-1

[Event "GER-ch U14"]
[Site "Oberhof"]
[Date "2013.05.23"]
[Round "7"]
[White "Lai Hop, Long"]
[Black "Schmidt, Daniel1"]
[Result "1/2-1/2"]
[WhiteElo "1659"]
[BlackElo "1731"]
[PlyCount "52"]
[EventDate "2013.05.19"]
[EventType "swiss"]
[EventRounds "9"]
[EventCountry "GER"]
[SourceTitle "CBM 154 Extra"]
[Source "ChessBase"]
[SourceDate "2013.06.25"]
[SourceVersion "2"]
[SourceVersionDate "2013.06.25"]
[SourceQuality "1"]

1. e4 e5 2. Nf3 Nc6 3. Bb5 a6 4. Ba4 Nf6 5. 0-0 b5 6. Bb3 Bc5 7. d3 0-0 8. c3 d5 9. exd5 Nxd5 10. Re1 Bg4 11. a4 b4 12. Bc2 Kh8 13. h3 Bh5 14. a5 f5 15. c4 Nf6 16. Nbd2 Nd4 17. Rxe5 Bd6 18. Re1 Re8 19. Rxe8+ Qxe8 20. c5 Bxc5 21. Ba4 Qg6 22. Ne5 Bxd1 23. Nxg6+ hxg6 24. Bxd1 Rd8 25. Nc4 b3 26. Be3 Kh7 1/2-1/2

[Event "Bremen-ch op"]
[Site "Bremen"]
[Date "2013.03.30"]
[Round "9"]
[White "Hentrop, Malte"]
[Black "Lai Hop, Long"]
[Result "1/2-1/2"]
[WhiteElo "1820"]
[BlackElo "1622"]
[PlyCount "60"]
[EventDate "2013.03.23"]
[EventType "swiss"]
[EventRounds "9"]
[EventCountry "GER"]
[SourceTitle "EXT 2022"]
[Source "ChessBase"]
[SourceDate "2021.10.06"]
[SourceVersion "1"]
[SourceVersionDate "2021.10.06"]
[SourceQuality "1"]

1. e4 c5 2. Nf3 d6 3. d4 cxd4 4. Nxd4 Nf6 5. Nc3 e6 6. Bg5 Be7 7. Qd2 0-0 8. 0-0-0 a6 9. f4 b5 10. a3 Bb7 11. Bxf6 Bxf6 12. Kb1 Qa5 13. Nb3 Qc7 14. Qxd6 Qxd6 15. Rxd6 Bxc3 16. bxc3 Bxe4 17. c4 bxc4 18. Bxc4 Bxg2 19. Rhd1 Nc6 20. R1d2 Be4 21. Nc5 Na5 22. Ba2 Bc6 23. Nd7 Bxd7 24. Rxd7 Rab8+ 25. Kc1 Rfc8 26. f5 Re8 27. R2d6 Rb7 28. fxe6 fxe6 29. Rxb7 Nxb7 30. Rxa6 Kf7 1/2-1/2

[Event "Niedersachsen-ch op-C"]
[Site "Verden"]
[Date "2013.01.04"]
[Round "3"]
[White "Lai Hop, Long"]
[Black "Eschholz, Dario"]
[Result "1/2-1/2"]
[WhiteElo "1633"]
[BlackElo "1533"]
[PlyCount "56"]
[EventDate "2013.01.03"]
[EventType "swiss"]
[EventRounds "7"]
[EventCountry "GER"]
[SourceTitle "EXT 2021"]
[Source "ChessBase"]
[SourceDate "2020.10.23"]
[SourceVersion "1"]
[SourceVersionDate "2020.10.23"]
[SourceQuality "1"]

1. e4 c5 2. Nf3 Nc6 3. d4 cxd4 4. Nxd4 g6 5. Be3 Nf6 6. f3 Bg7 7. Bc4 0-0 8. 0-0 Qb6 9. c3 Na5 10. Bb3 Nxb3 11. Qxb3 Qxb3 12. axb3 a6 13. Nb5 Ne8 14. Bb6 d6 15. Rd1 Bd7 16. Nd4 Rc8 17. Nd2 Nc7 18. Nc2 Be6 19. b4 Nb5 20. Na3 Nxa3 21. Rxa3 Rc6 22. Be3 f5 23. Bg5 Bf6 24. Bxf6 Rxf6 25. exf5 Bxf5 26. Nb3 e5 27. Na5 Rc7 28. Nb3 Rc8 1/2-1/2

[Event "Niedersachsen-ch op-C"]
[Site "Verden"]
[Date "2013.01.03"]
[Round "1"]
[White "Lai Hop, Long"]
[Black "Kutza, Simon"]
[Result "1-0"]
[WhiteElo "1633"]
[BlackElo "1170"]
[PlyCount "105"]
[EventDate "2013.01.03"]
[EventType "swiss"]
[EventRounds "7"]
[EventCountry "GER"]
[SourceTitle "EXT 2021"]
[Source "ChessBase"]
[SourceDate "2020.10.23"]
[SourceVersion "1"]
[SourceVersionDate "2020.10.23"]
[SourceQuality "1"]

1. e4 e5 2. Nf3 Nc6 3. Bb5 f6 4. 0-0 a6 5. Ba4 Bc5 6. c3 b5 7. Bb3 Bb6 8. d4 b4 9. dxe5 fxe5 10. Qd5 Qf6 11. cxb4 Nge7 12. Qc4 Nd4 13. Nxd4 Bxd4 14. Nc3 c6 15. Qe2 a5 16. bxa5 Ba6 17. Bc4 Bxc4 18. Qxc4 Rxa5 19. Qb4 Ra8 20. a4 d5 21. exd5 Nxd5 22. Nxd5 cxd5 23. Qb5+ Ke7 24. Qxd5 Rhf8 25. Qb7+ Kd6 26. Be3 Bxe3 27. fxe3 Qe7 28. Qxe7+ Kxe7 29. b4 Rfb8 30. b5 Kd6 31. Rf7 Rxb5 32. Rxg7 Rba5 33. Rxh7 Rxa4 34. Rxa4 Rxa4 35. h4 Ke6 36. Kf2 Kf6 37. Kf3 Ke6 38. h5 e4+ 39. Kg3 Ra3 40. Kf2 Ra2+ 41. Kf1 Ra3 42. Ke2 Ra2+ 43. Kd1 Ra1+ 44. Kc2 Kf6 45. g4 Rg1 46. Rh6+ Kg7 47. Rg6+ Kh7 48. Kc3 Rf1 49. Kd4 Rf7 50. Kxe4 Rg7 51. Rxg7+ Kxg7 52. g5 Kh7 53. Kf5 1-0